000 00955nam a22002177a 4500
005 20240530110552.0
008 160721s2014 ua b f 000 0 ara d
017 _a2013/22233
_bمصر . دار الكتب المصرية
020 _a9789774115097
040 _aEG-CaGPL
082 0 4 _221
_a917\
_bم ج
100 0 _aمحمد ابراهيم حسن
245 1 0 _aجغرافية الامريكتين و حوض المحيط الاطلسى :
_b( دراسة اقليمية مقارنة ) /
_cمحمد ابراهيم حسن ؛ اشراف على اعداده و قدم له السيد على شتا
250 _aط. 1
260 _aالقاهرة :
_bالمكتبة المصرية للنشر و التوزيع ،
_c2014 .
300 _a330 ص. :
_bخرائط ؛
_c24 سم .
650 0 4 _aامريكا الشمالية
_xجغرافيا
650 0 4 _aامريكا الجنوبية
_xجغرافيا
700 0 _aالسيد على شتا
942 _2ddc
_cBK
999 _c62476
_d62476